Online Catalogue and eLibrary

Bonniki Gethara (Record no. 5988)

MARC details
000 -LEADER
fixed length control field 00509nam a22001937a 4500
005 - DATE AND TIME OF LATEST TRANSACTION
control field 20250305001039.0
008 - FIXED-LENGTH DATA ELEMENTS--GENERAL INFORMATION
fixed length control field 250305b |||||||| |||| 00| 0 eng d
020 ## - INTERNATIONAL STANDARD BOOK NUMBER
ISBN 9558123048
082 ## - DDC Classification
DDC Edition Number 22
Class No. 812
Item Number - Author Mark HEN
100 ## - MAIN ENTRY--PERSONAL NAME
Personal name Ibsen, Henrik
245 ## - TITLE STATEMENT
Title Bonniki Gethara
260 ## - PUBLICATION, DISTRIBUTION, ETC.
Place of publication, distribution, etc. Nugegoda
Name of publisher, distributor, etc. Vikavi Publication
Date of publication, distribution, etc. 2000
300 ## - PHYSICAL DESCRIPTION
Extent (e.g. Volumes, Pages etc.) X, 148 p .,
650 ## - SUBJECT ADDED ENTRY--TOPICAL TERM
Topical term or geographic name entry element Granda Namaiya
650 ## - SUBJECT ADDED ENTRY--TOPICAL TERM
Topical term or geographic name entry element Vijayasiriwardhane, Sunil pari
650 ## - SUBJECT ADDED ENTRY--TOPICAL TERM
Topical term or geographic name entry element Scantinavion Drama
700 ## - ADDED ENTRY--PERSONAL NAME
Personal name Vijayasiriwardane, Sunil
Relator term (Role) Editor
942 ## - Koha item type (Biblio)
Koha item type Books in Stacks (Lending)
Holdings
Lost status Damaged status Collection code Home library Current library Date acquired Full call number Accession Number Item type
    Lending WERC Library WERC Library 03/05/2025 812 HEN 4366 Books in Stacks (Lending)

© WERC Library